| 000 | 00819nam a22001577a 4500 | ||
|---|---|---|---|
| 003 | OSt | ||
| 005 | 20150926104411.0 | ||
| 008 | 150926b xxu||||| |||| 00| 0 eng d | ||
| 040 | _cRUA | ||
| 082 | _aAGR LAC 2010 B047 Or.1 | ||
| 100 |
_91372 _aLACH, RAVY. |
||
| 245 | _aSuitable timing for pellet compost applocation on chinese kale at crop station of royal university of agriculture, ពេលវេលាសមស្របនៃការដាក់ជីកំប៉ុស្តិ៍គ្រប់ទៅលើដំណាំខាត់ណាដើម នៅក្នុងស្ថានីយ៍ពីសោធន៍ដំណាំនៃសាកលវិទ្យាល័យភូមិន្ទកសិកម្ម | ||
| 260 |
_aPhnom Penh _bRUA _c2010 |
||
| 300 |
_aix, 41p. _bill. _c29cm. |
||
| 942 |
_2ddc _cAGR |
||
| 999 |
_c1287 _d1287 |
||